Statistics for Three-Letter Acronyms #3

Click here to take the quiz!

General Stats

  • This quiz has been taken 21,564 times
    (14,537 since last reset)
  • The average score is 14 of 24

Answer Stats

Hint Answer % Correct
American rival of the KGBCIA
89%
Closest mates for all timeBFF
89%
Airport code of Los AngelesLAX
89%
I'm chuckling audiblyLOL
83%
Medical imaging with magnetsMRI
78%
Network to watch Game of ThronesHBO
69%
Employer of the Hulk Hogan and Andre the GiantWWE
67%
Way that a boxing match can endTKO
66%
Place for the critically illICU
64%
City where John Lennon met his endNYC
63%
Plastic pipe materialPVC
61%
Making a baby in a test tubeIVF
59%
OversharingTMI
58%
Truman's predecessorFDR
57%
Cambridge, Massachusetts universityMIT
51%
Sales tax of the UKVAT
44%
Kinshasa is its capitalDRC
43%
Device to determine latitude and longitudeGPS
41%
Canada's smallest provincePEI
40%
Band that sang "Fortunate Son"CCR
36%
Army rank just above privatePFC
28%
Letters on your zipperYKK
28%
Your fly is downXYZ
24%
High-speed train of FranceTGV
23%

Score Distribution

Percentile by Number Answered

Percent of People with Each Score

Your Score History

You have not taken this quiz since the last reset